1178 1041 1277 1559 1357 1105 1787 1749 1646 1107 1493 1898 1384 1303 1136 1709 1224 1369 1686 1420 1342 1198 1263 1862 1573 1283 1972 1583 1064 1136 1617 1516 1597 1342 1813 1326 1288 1284 1472 1460 1114 1111 1926 1443 1581 1191 1426 1038 1592 1305 1143 1561 1155 1984 1991 1673 1187 1192 1478 1103 1215 1256 1002 1663 1675 2000 1600 1250 1405 1383 1677 1502 1840 1979 1329 1376 1377 1185 1927 1974 1817 1420 1534 1172 1905 1335 1611 1447 1531 1768 1507 1404 1776 1263 1438 1304 1210 1672 1395 BCNSPRNW ULIB Ver.6.0+V

เปลี่ยนเป็นภาษาไทย

Change to English
 แสดงรายละเอียดบรรณานุกรม
  กลับหน้าหลัก

Brief Record : Get Marc (ISO 2709) : E-mail record : QR code < ปิดหน้าต่าง
LEADER : 00000nam 2200000uu 4500
001    13399129154
003     ULIB
008    250807s2568||||th 000 0 tha d
020    ^a9786169406396
060  4 ^aWT104^bว352น
100 0  ^aวีรศักดิ์ เมืองไพศาล,บรรณาธิการ.
245 1  ^aนวัตกรรมสำหรับการดูแลเพื่อการสูงวัยอย่างมีสุขภาพดีในอนาคต =^bInnovations for care to support healthy aging in the future /^cบรรณาธิการ วีรศักดิ์ เมืองไพศาล.
246 3  ^aInnovations for care to support healthy aging in the future
250    ^aพิมพ์ครั้งที่ 1.
260    ^aกรุงเทพฯ :^bสมาคมพฤฒาวิทยาและเวชศาสตร์ผู้สูงอายุไทย ,^c2568.
300    ^a268 หน้า :^bภาพประกอบ, ตาราง, แผนภูมิ
505 0  ^aการเปลี่ยนแปลงรูปแบบการดูแลผู้สูงอายุ : ปัจจุบันและอนาคต -- การพัฒนารูปแบบการดูแลผู้สูงอายุแบบบูรณาการในการนำไปปฏิบัติในการดูแลปฐมภูมิ -- การก้าวสู่สังคมผู้สูงอายุด้วยเทคโนโลยี Digital Disruption และระบบปัญญาประดิษฐ์ -- แนวทางการส่งเสริมการดูแลตนเองในผู้สูงอายุ -- มุมมองที่แตกต่างในการดูแลโรคไม่ติดต่อในผู้สูงอายุ -- สิ่งที่ต้องพิจารณาเป็นพิเศษในการควบคุมโรคไม่ติดต่อในผู้สูงอายุ -- การกระตุ้นสมองและการดูแลสุขภาพจิต -- การสั่งและการหยุดสั่งการจ่ายยาในผู้สูงอายุที่มีภาวะเปราะบาง -- รูปแบบการส่งเสริมการเคลื่อนไหวและการไม่พึ่งพิง -- บ้านอัจฉริยะเพื่อส่งเสริมการสูงวัยในถิ่น -- นวัตกรรมยาปรับเปลี่ยนการดำเนินโรคเพื่อรักษาโรคข้อเข่าเสื่อมชนิดปฐมภูมิ -- นวัตกรรมการดูแลระหว่างวันสำหรับผู้สูงอายุที่มีภาวะเปราะบาง -- นวัตกรรมและความรู้ใหม่ที่ช่วยส่งเสริมสุขภาพช่องปากและโภชนาการที่ดีสำหรับผู้สูงอายุ -- ความร่วมมือเชิงนวัตกรรมแบบสหวิทยาการเพื่อส่งเสริมแผนการดูแลเฉพาะบุคคล -- คลินิกพยาบาลชุมชนอบอุ่น.
650  4 ^aการส่งเสริมสุขภาพ.
650  4 ^aนวัตกรรมทางสุขภาพ^xผู้สูงอายุ.
650  4 ^aผู้สูงอายุ.
650  4 ^aผู้สูงอายุ^xการดูแล.
650  4 ^aผู้สูงอายุ^xสุขภาพและอนามัย.
650  4 ^aเวชศาสตร์วัยชรา.
655    ^aHealth Sciences Branch.
700    ^aวีรศักดิ์ เมืองไพศาล^eบรรณาธิการ.
945    ^p300^l0^i011904
999    ^aประนอม เกษจรัล
รายการนี้ยังไม่มีแท็ก
คุณยังไม่ได้ล็อกอิน คุณสามารถมีกิจกรรมร่วมกับเว็บไซต์ได้ แต่ต้องล็อกอินก่อน ::
  ล็อกอิน

รายการสื่อสารสนเทศ

ลำดับที่ ประเภท เลขเรียก/บาร์โค้ด สถานที่ สถานะ
1. วิทยาศาสตร์การแพทย์ และสุขภาพ
วิทยาศาสตร์การแพทย์ และสุขภาพ
WT104 ว352น ฉ.1 
  Barcode: 011904
ห้องสมุดวิทยาเขตสวรรค์ประชารักษ์
►หนังสือทั่วไป
บนชั้น

รายการใกล้เคียง
    หัวเรื่อง [การส่งเสริมสุขภาพ.]
    หัวเรื่อง [ผู้สูงอายุ.]

BibComment


ยังไม่เคยถูกคอมเมนท์

คอมเมนท์ทรัพยากรรายการนี้
  คอมเมนท์: นวัตกรรมสำหรับกา..


 Copyright 2026. Bcnsprnw @Library